000 00530nam a22001697a 4500
010 _aENG-120424
020 _c995.00
_a9789386444011
035 _aEN-103956
037 _bDBAD/PUB
082 _a301.42
100 _aMathther,Trupti Indrajitbhai
245 _aSelfhood of Women in inter caste marriage /
_cby Trupti Indrajitbhai Mathther
260 _aRohtak
_bShanti Prakashan
_c2017
270 _aHouse No- 254,sector-4
_bRohtak
_e110092
300 _axxi,231p.
_c22cm(Hb)
942 _2ddc
_cEN
_h301.42
_mMAT
999 _c145002
_d145002